U.S. Active Separatist Movements (With a Map) - Statistics

General Stats
  • This quiz has been taken 255 times
    239 since last reset
  • The average score is 9 of 13
Answers on the Map
Answers color-coded by a green-red scale on the quiz's map according to % correct below.
 
Answer Stats
Answer % Correct
California
99%
Alaska
97%
Texas
97%
Hawaii
96%
Vermont
90%
Puerto Rico
88%
Cascadia
84%
Guam
76%
Confederate States of America
71%
Confederate States of America
71%
New Afrika
24%
Lakotah
21%
Northwest Territorial Imperative
9%
No matching quizzes found
Score Distribution
Percent of People with Each Score
Percentile by Number Answered
Your Score History
You have not taken this quiz since the last reset